| 000 | 00673nam a2200241Ia 4500 | ||
|---|---|---|---|
| 003 | OSt | ||
| 005 | 20251103131637.0 | ||
| 008 | 210423s2013 xx 000 0 und d | ||
| 020 | _a978-93-81849-92-7 | ||
| 040 | _cAL | ||
| 041 | _aEnglish | ||
| 082 |
_a343.0999 _b AMAL |
||
| 100 |
_aMeena Amar _9112253 |
||
| 245 |
_aLectures on cyber laws _b: information technology act 2000 |
||
| 250 | _a1 | ||
| 260 |
_aHyderabad _bAsian law house _c2013 |
||
| 300 |
_axiv,111 _bPB |
||
| 365 |
_b110 _cINR |
||
| 650 |
_aLaw _9112254 |
||
| 650 |
_aMilitary Tax Trade Law _9112255 |
||
| 906 | _a2000 ; act ; cyber ; information ; laws: ; Lectures ; technology | ||
| 942 |
_2ddc _cBK |
||
| 999 |
_c167196 _d167196 |
||